[Event "Schaakweek Apeldoorn GM 2018"]
[Site "Apeldoorn"]
[Date "2018.06.14"]
[Round "6"]
[White "Hillarp Persson, Tiger"]
[Black "Ernst, Sipke"]
[Result "1/2-1/2"]
[WhiteElo "2546"]
[BlackElo "2555"]
[Annotator "TA"]
[PlyCount "146"]
[EventDate "2018.06.12"]
[EventType "tourn"]
[EventCountry "NED"]
[SourceTitle "playchess.com"]
[Source "ChessBase"]
[SourceQuality "1"]

{[%evp 18,146,12,5,7,0,0,0,22,10,25,20,65,16,30,0,6,0,3,-4,-2,0,41,13,14,-16,-21,-24,34,26,37,34,34,32,33,33,35,26,29,41,48,45,75,50,48,6,50,39,43,24,27,0,25,0,0,0,0,0,0,0,0,0,0,0,0,0,0,0,0,0,6,0,0,0,0,0,0,0,12,0,0,0,0,-14,-14,-14,-14,-22,-14,-14,-14,-14,-14,-14,-14,-14,-14,-14,-14,-14,-14,-14,-14,-14,-8,-16,-16,-37,-37,-71,-71,-71,-70,-70,-70,-70,-70,-70,-70,-71,-70,-70,-70,-71,-71,-71,-8,-8,-8,-8,-8]} 1. Nf3 Nf6 2. c4 e6 3. g3 d5 4. Bg2 dxc4 5. Qa4+ Bd7 6. Qxc4 {A13: English Opening: 1...e6} c5 7. Ne5 (7. d4 Bc6 8. dxc5 Nbd7 9. Be3 Bd5 10. Qc2 Be4 11. Qc1 Ng4 12. b4 a5 13. Bg5 f6 14. Bd2 axb4 15. Bxb4 Nxc5 16. Bxc5 Rc8 17. Qc4 Bxc5 18. Qxe6+ {½-½ (41) Ding,L (2769)-Aronian,L (2794) Berlin 2018}) 7... Qc8 8. Qd3 Nc6 9. Nxd7 Nxd7 10. Nc3 {LiveBook: 4 Games} Be7 11. O-O O-O 12. Qc2 $146 ({Predecessor:} 12. Qb5 Nb6 13. Bxc6 bxc6 {½-½ (33) Chatalbashev,B (2571)-Holm,K (2448) Kragero 2018}) 12... Nf6 13. Qa4 Nd4 14. e3 Nf5 15. g4 Nd6 16. h3 Rd8 17. b3 Nd7 18. Qf4 Nf8 19. Bb2 Qd7 20. Rad1 Rac8 21. Qf3 Bf6 22. Qe2 $1 c4 ({Black should try} 22... Ng6 $11) 23. Ba3 b6 24. Bxd6 Qxd6 25. Nb5 Qe7 26. bxc4 a6 27. Nc3 Bxc3 28. dxc3 Rxd1 29. Rxd1 Qa3 30. Rb1 Nd7 31. Qd1 Qe7 32. Qd4 g6 33. Rd1 Nc5 34. Qd6 (34. Rd2 {is interesting.} Na4 35. Bf1 Nc5 36. Kg2 Na4 37. Be2) 34... Qc7 35. Qxc7 (35. Qd2 {keeps more tension.} h6 36. Bf1 Kg7 37. Be2 Qe7 38. Kg2) 35... Rxc7 $11 {[%mdl 4096] Endgame KRB-KRN} 36. Rb1 Nd7 37. Bf1 Kf8 38. c5 Rxc5 39. Bxa6 Rxc3 40. Bb5 Nc5 41. Bf1 Rc2 42. Rxb6 Rxa2 43. Rb4 f5 44. f3 Ke7 45. gxf5 gxf5 46. Rh4 Nd7 47. Rxh7+ Kd6 48. Rh4 Ne5 49. Rf4 (49. Rd4+ {feels hotter.} Kc5 50. Rf4 Kd6 51. h4 Ke7 52. h5) 49... Ke7 50. Bg2 Ra3 51. Rd4 Rxe3 52. f4 Ng6 53. Kf2 Ra3 54. Bf1 Kf6 55. Rb4 Kg7 56. Rd4 Rb3 57. Ra4 Rc3 58. Rd4 Ra3 59. Rb4 Kh6 60. Rd4 Kh5 61. Bc4 Rxh3 62. Bxe6 Kg4 63. Bxf5+ Kxf5 $15 {KRN-KR} 64. Ke2 Nh4 65. Ra4 Rb3 66. Ra5+ Kg4 67. f5 Nxf5 68. Kd2 Ne3 {[#] ( -> ...Nc4+)} 69. Ra4+ Kf5 70. Rh4 Ke5 71. Ra4 Ra3 (71... Nf5 $17) 72. Rxa3 $11 Nc4+ 73. Kc3 Nxa3 {Precision: White = 62%, Black = 72%.} 1/2-1/2

[Event "Schaakweek Apeldoorn GM 2018"]
[Site "Apeldoorn"]
[Date "2018.06.14"]
[Round "6"]
[White "Praggnanandhaa, R."]
[Black "Kuipers, Stefan"]
[Result "1-0"]
[WhiteElo "2507"]
[BlackElo "2477"]
[Annotator "TA"]
[PlyCount "43"]
[EventDate "2018.06.12"]
[EventType "tourn"]
[EventCountry "NED"]
[SourceTitle "playchess.com"]
[Source "ChessBase"]
[SourceQuality "1"]

{[%evp 29,43,0,4,-2,0,-8,57,27,75,75,174,174,228,219,253,233]} 1. g3 d5 2. Bg2 Nf6 3. d3 c6 4. Nd2 e5 5. e4 Bg4 6. Ngf3 dxe4 7. dxe4 Nbd7 8. O-O Bc5 9. h3 Bh5 10. Qe1 O-O 11. a4 {A07: Réti Opening: New York and Capablanca Systems} a5 (11... Qc7 12. Nb3 Be7 13. Nh4 Rfe8 14. Be3 Bf8 15. g4 Bg6 16. Nf5 a5 17. Qe2 Nb6 18. Ng3 Nfd7 {1-0 (59) Svidler,P (2759)-Bok,B (2613) Biel 2016}) 12. Nc4 Qc7 13. Bd2 b6 14. Nh4 Rfe8 15. Bc3 Nf8 {LiveBook: 3 Games} 16. Kh1 N6d7 17. f4 {[#] Black must now prevent g4.} exf4 (17... f6 $1 $11) 18. gxf4 $14 {[%cal Bg3f4,Bf4e5][%mdl 32]} Ne6 19. e5 f6 {[#]} (19... g6 $16 {was called for.}) 20. Nf5 $1 $18 fxe5 (20... Kh8 $142 21. Ncd6 Bxd6) 21. fxe5 {[#]} Bg6 $146 ({Predecessor:} 21... Nef8 22. Nxg7 Kxg7 23. Qg3+ {1-0 (23) Drasko,M (2508)-Vismara,D (2565) Arco 2001}) 22. Ncd6 1-0

[Event "Schaakweek Apeldoorn GM 2018"]
[Site "Apeldoorn"]
[Date "2018.06.14"]
[Round "6"]
[White "Gascon Del Nogal, Jose Rafael"]
[Black "Pijpers, Arthur"]
[Result "0-1"]
[WhiteElo "2470"]
[BlackElo "2479"]
[Annotator "TA"]
[PlyCount "124"]
[EventDate "2018.06.12"]
[EventType "tourn"]
[EventCountry "NED"]
[SourceTitle "playchess.com"]
[Source "ChessBase"]
[SourceQuality "1"]

{[%evp 26,124,-10,-21,0,-13,127,118,121,112,89,78,83,83,79,77,90,33,26,26,67,25,23,0,0,0,0,0,0,0,0,0,0,0,0,0,0,0,0,0,195,206,191,197,188,108,213,200,213,200,175,35,44,0,0,-35,-8,-8,-8,-8,-8,-8,-8,-140,-135,-139,-129,-122,-91,-109,-99,-169,-172,-484,-439,-865,-868,-743,-672,-868,-836,-875,-858,-741,-655,-761,-660,-1406,-1274,-1471,-1540,-1439,-1394,-1358,-1311,-1230,-1222,-7587,-7048,-12802,-6127]} 1. e4 c5 2. Nf3 d6 3. Bb5+ Bd7 4. Bxd7+ Qxd7 5. O-O Nf6 6. Re1 Nc6 7. c3 e6 8. d4 cxd4 9. cxd4 d5 10. e5 Ne4 11. a3 Be7 12. Nbd2 Nxd2 13. Bxd2 O-O {B52: Sizilianisch (Rossolimo-Variante)} 14. Rc1 {[%cal Ba1c1,Bc1c3,Bc3c7,Bc7b7][%mdl 32] LiveBook: 51 Partien} b5 (14... Rac8 15. Rc3 b5 16. Rd3 b4 17. a4 a5 18. Ng5 h6 19. Nh3 f5 20. exf6 Bxf6 21. Qg4 Kh7 {0-1 (42) Lu,S (2546)-Nepomniachtchi,I (2730) Dubai 2014}) 15. Rc3 h6 $146 (15... Rfc8 $11) ({Vorgänger:} 15... Rfc8 16. Rd3 Qd8 17. h4 Na5 18. b3 Rc6 19. Ng5 g6 20. Qf3 {1-0 (20) Lee,N (2143)-Kenney,J (2289) Redmond 2012}) 16. Qc2 $16 Nb8 {[%cal Bc6b8,Bb8d7,Bd7b6,Bb6c4][%mdl 32]} 17. Rc7 Qe8 18. Rc1 {Und Tc8 würde nun gewinnen.} Nd7 19. Rb7 Nb6 20. Qc7 Bd8 21. Qc6 ({Besser ist} 21. Qc5 $1 $16) 21... Qxc6 $14 22. Rxc6 Nc4 23. Bb4 Re8 24. b3 Na5 $1 {[%cal Ra5c6]} 25. Bxa5 $1 Bxa5 26. Rxb5 Bb6 $1 27. a4 Rec8 28. Rxc8+ Rxc8 $11 {[%mdl 4096] Endspiel KTL-KTS} 29. Kf1 Rc1+ $1 30. Ke2 Ra1 31. Kd2 Kf8 32. Kc2 Ke7 $2 (32... g5 $11) 33. Kb2 $1 $18 {[%cal Rb2a1]} Rf1 34. a5 $1 Rxf2+ 35. Ka3 ({Lieber} 35. Kc3 $18) 35... Bc7 (35... Rxg2 $16 36. axb6 axb6) 36. Rb7 Kd7 37. Rxa7 Rxg2 38. b4 (38. a6 $1 $18) 38... Rf2 $14 39. Nh4 Kc6 40. a6 Kb6 41. Rb7+ Kxa6 42. Rxc7 $11 {KTS-KT} g5 43. Ng6 fxg6 {KT-KT} 44. Re7 (44. Kb3 $11 {hält das Gleichgewicht.}) 44... Kb5 $17 ({Viel schlechter ist} 44... Rxh2 $6 45. Ka4 $11) 45. Rxe6 Rf3+ 46. Kb2 Kxb4 {Und weiter mit ...Tf2+ wäre nett.} 47. Rf6 Rh3 48. Rf2 (48. Kc2 $17) 48... Kc4 $19 49. Re2 $2 (49. Rd2 {leistet mehr Widerstand.}) 49... Kd3 {Schwarz steht klar auf Gewinn.} 50. Re1 (50. Rf2 $142 Re3 51. Rf6) 50... Rxh2+ 51. Kb3 Rf2 52. Rd1+ Ke4 53. Kb4 Rc2 54. e6 Rc8 55. e7 g4 $1 {[%cal Bg5g4,Bg4g3][%mdl 32]} 56. Rf1 {zielt auf Tf8 ab.} Re8 57. Kc5 g3 58. Re1+ {[#]} Kf3 $1 59. Kxd5 Kf2 60. Re6 {[#]} Rxe7 $1 {[%mdl 512]} 61. Rf6+ (61. Rxe7 g2) 61... Kg2 62. Rxg6 Rh7 {Precision: Weiß = 36%, Schwarz = 72%.} 0-1

[Event "Schaakweek Apeldoorn GM 2018"]
[Site "Apeldoorn"]
[Date "2018.06.14"]
[Round "6"]
[White "Ten Hertog, Hugo"]
[Black "Fier, Alexandr"]
[Result "1-0"]
[WhiteElo "2453"]
[BlackElo "2576"]
[Annotator "TA"]
[PlyCount "75"]
[EventDate "2018.06.12"]
[EventType "tourn"]
[EventCountry "NED"]
[SourceTitle "playchess.com"]
[Source "ChessBase"]
[SourceQuality "1"]

{[%evp 15,75,30,39,7,0,-13,34,0,0,0,59,18,25,13,55,31,64,45,85,81,82,82,82,82,120,116,103,116,113,87,119,112,134,135,120,125,183,181,227,227,400,402,503,502,531,488,480,434,567,456,438,401,564,562,539,539,645,629,980,970,1197,1203]} 1. c4 g6 2. Nc3 c5 3. g3 Bg7 4. Bg2 Nc6 5. e3 Nh6 6. Nge2 Nf5 7. a3 O-O {A36: Symmetrical English vs ...g6: 4 Bg2 Bg7} (7... a5 8. O-O O-O 9. b3 d6 10. Bb2 Bd7 11. Qc2 Rb8 12. Rfd1 Ncd4 13. exd4 cxd4 14. Na4 Bxa4 15. bxa4 {½-½ (42) Timofeev,A (2677)-Volokitin,A (2671) Dagomys 2009}) 8. Rb1 a5 {LiveBook: 14 Games} 9. Nb5 e6 {The position is equal.} 10. Nf4 $146 ({Predecessor:} 10. d4 cxd4 11. e4 Nfe7 12. Nbxd4 Nxd4 13. Nxd4 {½-½ (30) Gonzalez Acosta,B (2484)-Davila,C (2263) Managua 2015}) 10... a4 11. O-O d6 12. d3 Nfe7 (12... Bd7 $11) 13. Bd2 e5 14. Ne2 Bg4 15. h3 Be6 16. Nbc3 d5 17. cxd5 Bxd5 18. Nxd5 Nxd5 19. Qc2 b6 20. Nc3 $36 {[%mdl 2048] White is really pushing.} Nxc3 21. bxc3 Qc7 22. c4 Ra6 23. Bc3 Rd8 24. Rfd1 Ne7 25. Qb2 Nc8 (25... h5 $16 26. Be4 f6) 26. f4 $18 {[%cal Bf2f4,Bf4e5][%mdl 32]} Nd6 {intending ...Nf5.} 27. g4 ({Not} 27. fxe5 Nf5 $14) 27... b5 $2 {[#]} (27... Nc8 28. fxe5 (28. Bxe5 Bxe5 29. fxe5 Ra7 $18) 28... Ra7) 28. fxe5 Nc8 29. Qxb5 Re6 30. d4 {[%cal Bd3d4,Bd4d5,Bd5d6][%mdl 32]} Qe7 31. Qxc5 Qg5 32. d5 Rxe5 33. Rb8 Ree8 (33... Bf8 {was worth a try.} 34. Qd4 (34. Rxc8 $2 Bxc5 35. Rxd8+ Qxd8 $19) 34... Qxe3+ 35. Qxe3 Rxe3) 34. Bxg7 {White is clearly winning.} Kxg7 35. Qd4+ Kg8 36. c5 Rxe3 37. d6 Rb3 38. Ra8 {Precision: White = 67%, Black = 31%.} 1-0

[Event "Schaakweek Apeldoorn GM 2018"]
[Site "Apeldoorn"]
[Date "2018.06.14"]
[Round "6"]
[White "Warmerdam, Max"]
[Black "Beerdsen, Thomas"]
[Result "0-1"]
[WhiteElo "2370"]
[BlackElo "2454"]
[Annotator "TA"]
[PlyCount "90"]
[EventDate "2018.06.12"]
[EventType "tourn"]
[EventCountry "NED"]
[SourceTitle "playchess.com"]
[Source "ChessBase"]
[SourceQuality "1"]

{[%evp 17,90,23,38,22,33,26,23,23,21,23,26,30,19,0,0,0,21,-16,-19,-5,5,13,11,26,27,8,20,12,12,24,23,12,16,-105,-61,-99,-72,-187,-187,-209,-186,-261,-201,-464,-437,-443,-285,-397,-358,-723,-693,-1197,-1095,-979,-956,-788,-331,-272,-296,-263,-242,-508,-458,-647,-683,-881,-957,-1783,-1641,-1263,-1233,-1122,-1213,-1520,-1497]} 1. d4 f5 2. Bg5 h6 3. Bh4 g5 4. e3 Nf6 5. Bg3 d6 6. Nc3 e6 {A80: Dutch Defence: Unusual White second moves} 7. h4 Rg8 8. hxg5 hxg5 9. Bc4 Qe7 {LiveBook: 10 Games} 10. Qd2 a6 $146 ({Predecessor:} 10... Nc6 11. O-O-O Bd7 12. d5 exd5 13. Nxd5 Nxd5 14. Bxd5 Rg6 {0-1 (31) Volkov,S (2637)-Semcesen,D (2476) Lund 2017}) 11. a3 b5 12. Ba2 Bb7 13. f3 Nbd7 {[%cal Bb8d7,Bd7b6,Bb6c4][%mdl 32]} 14. O-O-O Nb6 15. Nge2 O-O-O 16. Kb1 Nc4 17. Qd3 (17. Bxc4 $5 bxc4 18. Rdf1 $11) 17... d5 $1 18. Nc1 Nd7 19. e4 dxe4 20. fxe4 Nc5 21. Qe2 Nxe4 22. Nxe4 Bxe4 23. Bxc4 bxc4 24. Qxc4 {next Nb3 is good for White.} f4 25. Bf2 (25. d5 $11 {keeps the balance.} exd5 26. Qxa6+ Kd7 27. Bf2) 25... Rd6 $36 {[%mdl 2048] ...Rc6 is the strong threat. Black is more active.} 26. Nd3 Bxg2 27. Rhe1 {[#]} (27. Rhg1 $17 Bf3 28. Rde1) 27... Bd5 $1 $19 {[%cal Rd5c4]} 28. Qc3 Qf6 29. Nb4 (29. Qb4 {was called for.}) 29... Bb7 30. Re5 $2 {[#]} (30. Qc4) 30... Qxe5 $1 {[%mdl 512]} 31. dxe5 Rxd1+ 32. Ka2 Bxb4 33. axb4 $2 (33. Qxb4 Rgd8 34. Ba7) 33... g4 {[%cal Bg5g4,Bg4g3][%mdl 32]} 34. b3 g3 35. Bb6 Rd7 36. Qc4 Rf8 (36... f3 $142 37. Bc5 f2) 37. Bc5 g2 38. Qxe6 f3 {Hoping for ...f2.} 39. Qh6 $2 (39. Bf2) 39... Re8 {Black is clearly winning.} 40. Qh5 (40. Ba7 $142) 40... Rdd8 41. Qf5+ Kb8 42. e6 Rd5 43. Qf7 Bc6 44. Bg1 Re5 45. Bh2 R8xe6 {Precision: White = 33%, Black = 79%.} 0-1

[Event "Schaakweek Apeldoorn GM 2018"]
[Site "Apeldoorn"]
[Date "2018.06.13"]
[Round "7"]
[White "Fier, Alexandr"]
[Black "Warmerdam, Max"]
[Result "1-0"]
[WhiteElo "2576"]
[BlackElo "2370"]
[Annotator "TA"]
[PlyCount "119"]
[EventDate "2018.06.12"]
[EventType "tourn"]
[EventCountry "NED"]
[SourceTitle "playchess.com"]
[Source "ChessBase"]
[SourceQuality "1"]

{[%evp 31,119,0,0,-79,0,0,0,0,0,0,0,0,0,0,0,0,0,-15,0,0,0,0,0,-7,0,0,8,27,25,9,23,20,18,18,25,39,63,55,39,56,114,114,115,108,83,67,438,436,411,405,900,510,497,368,367,375,363,369,353,353,452,446,427,349,399,398,408,399,399,399,421,384,453,447,651,643,643,628,657,662,626,658,658,652,641,630,612,600,555,547]} 1. e4 c5 2. Nf3 d6 3. d4 cxd4 4. Nxd4 Nf6 5. Nc3 Nc6 6. Bg5 e6 7. Qd2 a6 8. O-O-O Bd7 9. f4 Be7 10. Nf3 b5 11. Bxf6 gxf6 12. f5 Qb6 13. Kb1 O-O-O 14. g3 {B69: Sicilian: Richter-Rauzer: 7...a6 8 0-0-0 Bd7 9 f4 Be7 10 Nf3 b5 11 Bxf6} Kb8 15. Bh3 (15. fxe6 fxe6 16. Bh3 Na5 17. Nd4 b4 18. Nce2 e5 19. Bxd7 {½-½ (19) Hovhannisyan,R (2601)-Demchenko,A (2672) Batumi 2018}) 15... b4 16. Ne2 e5 {LiveBook: 4 Games} 17. g4 {[#]} (17. Nc1 $11 {keeps the balance.}) 17... h6 $146 ({Black should play} 17... Na5 $1 $17) ({Predecessor:} 17... Na5 18. Ng3 Bc6 19. Rhe1 Nc4 20. Qc1 d5 21. Bf1 dxe4 22. Rxd8+ Rxd8 23. Nxe4 Na3+ 24. Ka1 Bxe4 25. Rxe4 Qc6 {0-1 (25) Csirik,A (2343)-Salem,A (2501) Porto Carras 2010}) 18. Ng3 $11 Na5 {[%cal Bc6a5,Ba5b7,Bb7c5][%mdl 32]} 19. Bf1 Bc6 20. Bd3 d5 21. exd5 Rxd5 22. Qe2 Rhd8 23. Rhe1 Nb7 24. Nd2 Nc5 {[%cal Rc5d3]} 25. Bc4 Rd4 26. Nb3 $1 {[%cal Rb3d4]} Rxd1+ 27. Rxd1 Rxd1+ 28. Qxd1 Ne4 29. Nxe4 Bxe4 30. Qd7 $36 {[%mdl 2048] Black is under pressure.} Qg1+ 31. Nc1 Bc5 32. Qe8+ ({Much worse is} 32. Bxa6 Be3 $17) 32... Kc7 {Strongly threatening ...Be3.} 33. Qxf7+ Kb8 {aiming for ...Be3.} 34. Qxf6 Be3 $1 {[%csl Ge3][%cal Rg1c1]} 35. Qd6+ Ka7 (35... Kb7 $1 $14 36. Qxa6+ (36. Qxb4+ Ka7 $11) 36... Kb8) 36. Qxa6+ $16 Kb8 {[%csl Ge3][%cal Rg1c1]} 37. Qb5+ Kc8 {[%csl Ge3][%cal Rg1c1]} 38. Bf1 Bg2 $2 {[%mdl 8192]} (38... Bxc1 $1 $14 39. Kxc1 Qe3+ 40. Kd1 Qd4+ 41. Ke1 Kd8) 39. Qe8+ $18 Kc7 40. Qxe5+ Kd8 (40... Kb6 $142 41. Qf6+ Ka7 42. Qa6+ Kb8 43. Qb5+ Kc7 44. Qe5+ Kc8) 41. Qd6+ Kc8 42. Ba6+ Bb7 43. Bxb7+ Kxb7 {[%csl Ge3][%cal Rg1c1]} 44. Qxb4+ Kc7 {[%csl Ge3][%cal Rg1c1]} 45. Qc4+ Kb7 {[%csl Ge3][%cal Rg1c1]} 46. a4 Bxc1 47. Qe4+ Ka7 48. Ka2 Qb6 {[%csl Gc1][%cal Rb6b2]} 49. Qe7+ Ka8 {[%csl Gc1][%cal Rb6b2]} 50. Qe5 Qc6 51. f6 {[%cal Bf5f6,Bf6f7][%mdl 32] And now Qa5+ would win.} Qc4+ 52. Kb1 {White is clearly winning.} Bg5 (52... Bf4 $142 53. Qf5 Kb7) 53. Qe8+ Ka7 54. Qd7+ Ka8 55. f7 Qf1+ 56. Ka2 Qc4+ 57. Ka3 Qc5+ {[#]} 58. Kb3 $1 {Hoping for Qe8+.} Be7 {intending ...Qb4+.} 59. c3 Qb6+ 60. Ka2 {Precision: White = 82%, Black = 53%.} 1-0

[Event "Schaakweek Apeldoorn GM 2018"]
[Site "Apeldoorn"]
[Date "2018.06.13"]
[Round "7"]
[White "Ernst, Sipke"]
[Black "Ten Hertog, Hugo"]
[Result "1-0"]
[WhiteElo "2555"]
[BlackElo "2453"]
[Annotator "TA"]
[PlyCount "99"]
[EventDate "2018.06.12"]
[EventType "tourn"]
[EventCountry "NED"]
[SourceTitle "playchess.com"]
[Source "ChessBase"]
[SourceQuality "1"]

{[%evp 17,99,79,77,58,79,57,54,57,72,31,66,57,39,44,62,52,67,25,58,34,37,35,55,30,43,22,25,0,0,-2,-6,-8,-8,-27,0,-55,-10,-37,-35,-79,-80,-106,0,0,0,0,0,0,391,418,485,476,485,485,674,684,701,15,17,12,257,8,105,41,252,216,218,221,221,351,342,318,360,183,999,212,940,933,831,813,829,789,729,718]} 1. d4 g6 2. c4 Bg7 3. Nc3 d6 4. e4 Nf6 5. Nf3 O-O 6. Be2 e5 7. O-O Nbd7 8. Be3 h6 9. dxe5 dxe5 {LiveBook: 102 Games} 10. b4 {E94: King's Indian: Classical: 6 Be2 e5 7 0-0: Various Black 7th moves} Qe7 11. Nd5 $146 ({Predecessor:} 11. c5 c6 12. Nd2 Rd8 13. Qa4 Nf8 14. Nc4 Ng4 15. Bxg4 Bxg4 16. f3 Bd7 17. Rad1 Ne6 {1-0 (47) Savchenko,S (2549)-Roiz,M (2511) Panormo 2001}) 11... Nxd5 12. cxd5 {White is slightly better.} (12. Qxd5 $6 Qxb4 13. Rfb1 Qe7 $15) 12... Qxb4 13. Nd2 c6 14. dxc6 bxc6 15. Rb1 Qe7 16. Qc2 {[%mdl 1024] White has compensation.} c5 17. Bb5 Rb8 18. Rfc1 Rd8 19. Qc3 a6 20. Be2 {[%cal Re3c5]} Rxb1 21. Rxb1 Nf8 22. Qa5 Ne6 23. Rb8 Bf6 24. Bc4 Kg7 25. Bd5 Qc7 26. Rb6 ({Better is} 26. Qxc7 $11 Nxc7 27. Bc4) 26... Bg5 27. Bxg5 hxg5 28. Nc4 Bb7 $1 29. Qd2 {[#]} (29. Rxb7 $2 Qxb7 30. Qe1 Qc7 $19) 29... Bxd5 (29... Ba8 $1 $17 30. h3 (30. Rxa6 Bxd5 31. exd5 Nf4 $17) 30... Qe7) 30. exd5 $11 Nf4 31. d6 $36 {[%mdl 2048] White is more active.} Qd7 32. g3 (32. Nxe5 Qe6 $17) 32... Rh8 $2 {[%mdl 8192]} (32... Qe6 $11 {and Black stays safe.} 33. Ne3 Nh3+ 34. Kg2 g4) 33. Nxe5 $18 Nh3+ 34. Kf1 Qf5 {[#]} 35. Qb2 $1 {Strongly threatening Rb7.} Kh7 36. Rb7 Rf8 37. d7 $2 ({Only move:} 37. Nd7 $18 Qd3+ 38. Kg2) 37... Rd8 $1 $11 {White should prevent ...f6.} 38. Qe2 {And now f3 would win.} c4 $2 (38... Nxf2 $1 $11 39. Qxf2 Qxe5) 39. Kg2 $2 (39. Ng4 $18) 39... c3 (39... Nxf2 $1 $11 40. Qxf2 Qxe5) 40. f3 (40. Rc7 $16 Nxf2 41. g4 (41. Qxf2 Qxe5 42. Qxf7+ Kh6 $11) (41. Rxc3 Ne4 $16)) 40... c2 $2 ({Black should try} 40... Qe6 $1 $14) 41. Rc7 $18 g4 42. fxg4 Qe6 43. Kxh3 ({Much less strong is} 43. Rxc2 $6 Ng5 $16) 43... f6 44. Qxc2 fxe5 {[%mdl 4096] Endgame KQR-KQR} 45. Qe4 (45. Qb3 $142 Qf6 46. Qd5) 45... Kg7 $2 (45... Rxd7 46. Rxd7+ Qxd7 47. Qxe5 Qf7) 46. a4 $2 (46. Rc6 Rh8+ 47. Kg2 Qxa2+ 48. Rc2) 46... Qd6 $2 (46... Rxd7 47. Rxd7+ Qxd7 48. Qxe5+ Kf7) 47. Rc8 {White is clearly winning.} Rxd7 48. Rc6 Qd3 49. Rxg6+ Kf7 50. Qf5+ {Precision: White = 37%, Black = 36%.} 1-0

[Event "Schaakweek Apeldoorn GM 2018"]
[Site "Apeldoorn"]
[Date "2018.06.13"]
[Round "7"]
[White "Pijpers, Arthur"]
[Black "Praggnanandhaa R"]
[Result "1-0"]
[WhiteElo "2479"]
[BlackElo "2507"]
[Annotator "TA"]
[PlyCount "83"]
[EventDate "2018.06.12"]
[EventType "tourn"]
[EventCountry "NED"]
[SourceTitle "playchess.com"]
[Source "ChessBase"]
[SourceQuality "1"]

{[%evp 19,83,18,38,26,13,-12,52,50,167,36,36,31,31,34,43,37,77,82,88,83,100,70,59,71,84,87,100,56,59,53,161,155,236,251,225,174,484,392,339,177,1286,1277,12848,751,733,656,29983,29985,29965,810,6125,6033,5465,5252,6311,760,1080,1071,1032,1022,6343,6235,29992,29993,29993,29993]} 1. e4 c5 2. Nf3 e6 3. d4 cxd4 4. Nxd4 a6 5. Nc3 b5 6. Bd3 Ne7 7. O-O Nec6 8. Nxc6 Nxc6 9. Be3 Bb7 10. f4 Be7 {LiveBook: 8 Games} 11. Qg4 {B43: Sicilian: Kan Variation: 5 Nc3} (11. Qh5 O-O 12. Rf3 g6 13. Qh6 f5 14. exf5 exf5 15. Nd5 Rf7 16. Bb6 Qf8 17. Qxf8+ Bxf8 18. Re3 Nd8 {½-½ (50) Dubov,D (2666)-Artemiev,V (2692) Sochi 2017}) 11... O-O 12. e5 $146 ({Predecessor:} 12. a3 f6 13. Rf3 Rc8 14. Rh3 Rf7 15. Rf1 g6 16. Rg3 Qf8 17. Kh1 Bc5 18. Bc1 Bd4 {0-1 (43) Matkovic,T (2285)-Franic,M (2385) Mravinci 1993}) 12... d6 (12... f5 $11 13. exf6 Bxf6) 13. Rad1 $14 {White is slightly better.} Qb8 (13... d5 $14) 14. exd6 (14. Qh3 $1 $18 {[%csl Gd3][%cal Rh3h7]} g6 15. exd6 Bxd6 16. Ne4) 14... f5 15. Qh3 ({Much worse is} 15. dxe7 fxg4 16. exf8=N Qxf8 $15) 15... Bxd6 {[#]} 16. Ne4 $1 {[%mdl 512]} Be7 (16... fxe4 17. Bxe4) 17. Nc5 Bxc5 18. Bxc5 Rf6 19. Qe3 $36 {[%mdl 2048] White is in control.} Rg6 20. g3 Qc8 21. Be2 {And now Bb6 would win.} Na5 22. b3 Be4 23. Bb6 Nc6 24. Rd6 Qb7 {[#]} (24... e5 $14 25. fxe5 Re6) 25. Rfd1 $1 $18 Rc8 (25... Rb8 $16) 26. Rd7 Qb8 27. R1d6 {Threatens to win with Bh5.} h6 $2 (27... e5 {is a better chance.} 28. fxe5 Rf8) 28. c4 bxc4 29. Bxc4 (29. bxc4 $142 {Hoping for c5.} a5 30. c5) 29... Nb4 $2 (29... Kh7 30. Rxe6 Rxe6 31. Bxe6 Re8) 30. Rxe6 Rxe6 31. Bxe6+ (31. Qd4 $142 Qxb6 32. Qxb6) 31... Kh7 32. Bc5 {Qd4 would kill now.} Nc2 33. Qc3 {[%csl Gd7][%cal Rc3g7]} Rg8 34. Qe5 (34. Bxg8+ $142 Qxg8 35. Re7 a5 {[#]} 36. Rxe4 $1 {[%mdl 512]} fxe4 37. Qxc2 Qe8 38. Kf2 Qh5 39. Qxe4+ Kh8 40. Qa8+ Kh7 41. Qe4+ Kh8 42. Qa8+ Kh7 43. Bb6) 34... Qa8 35. Kf2 a5 36. g4 Nb4 37. Kg3 (37. Bxg8+ $142 Qxg8 38. Bxb4 axb4 39. gxf5) 37... Nd3 38. Bxf5+ Kh8 39. Rxd3 Bxd3 40. Bxd3 {White wants to mate with Qf5.} Qh1 41. Qf5 {[%csl Gd3][%cal Rf5h7]} Qe1+ 42. Bf2 {Precision: White = 52%, Black = 21%.} 1-0